Province confinanti più popolose - Quiz n°8 - Statistics

Statistiche generali
  • Questo quiz è stato fatto 4 volte
  • Il punteggio medio è 7 su 10
Statistiche sulle risposte
Provincia Provincia confinante più popolosa % Corretto
Avellino Napoli
100%
Milano Bergamo
75%
Verona Brescia
75%
Lucca Firenze
75%
Imperia Genova
75%
Lodi Milano
75%
Bari Taranto
75%
Udine Venezia
75%
Genova Parma
50%
Verbano-Cusio-Ossola Varese
50%
Nessun quiz corrispondente trovato
Distribuzione punteggi
Percentuale di utenti per punteggio
Percentile per numero di risposta
I tuoi punteggi nel tempo
Non hai fatto questo quiz